[Event "EU YCH Team U18 boys"]
[Site "Thessaloniki"]
[Date "2022.07.12"]
[Round "1.4"]
[White "Chasiotis, Odysseas"]
[Black "Vagman, Roy"]
[Result "0-1"]
[WhiteElo "1371"]
[BlackElo "2180"]
[PlyCount "88"]
[EventDate "2022.07.12"]
[EventType "swiss"]
[EventRounds "7"]
[EventCountry "GRE"]
[SourceTitle "Youth Database"]
[Source "CBase R.Goldau"]
[SourceDate "2000.03.01"]
[SourceVersion "1"]
[SourceVersionDate "2022.07.18"]
[SourceQuality "1"]
[WhiteTeam "Griechenland"]
[BlackTeam "Israel"]
[WhiteTeamCountry "GRE"]
[BlackTeamCountry "ISR"]

1. e4 c5 2. Nf3 d6 3. d4 cxd4 4. Nxd4 Nf6 5. Nc3 Nc6 6. Nf3 e5 7. Bg5 Be7 8.
Qd2 O-O 9. Bc4 Na5 10. Bd3 Be6 11. O-O a6 12. Rfd1 Re8 13. Be2 Qb6 14. Rab1
Rad8 15. Be3 Qc6 16. Nd5 Nc4 17. Qd3 Nxe3 18. fxe3 Bxd5 19. exd5 Qb6 20. Ng5 h6
21. Ne4 Nxe4 22. Qxe4 f5 23. Qxf5 Qxe3+ 24. Qf2 Bg5 25. Qxe3 Bxe3+ 26. Kh1 e4
27. Bg4 Bb6 28. Be6+ Kh8 29. c4 Rf8 30. Rf1 e3 31. Rf3 Rxf3 32. gxf3 Rf8 33.
Kg2 Rf4 34. Re1 Rxc4 35. Re2 g5 36. b3 Rc1 37. Bf5 Kg7 38. Bd3 Kf6 39. Kg3 Rd1
40. Bc2 Rg1+ 41. Kh3 Ke5 42. Be4 Kf4 43. a3 g4+ 44. fxg4 Kxe4 0-1

[Event "EU YCH Team U18 boys"]
[Site "Thessaloniki"]
[Date "2022.07.13"]
[Round "2.2"]
[White "Koellner, Ruben Gideon"]
[Black "Prokofiev, Valentyn"]
[Result "1/2-1/2"]
[WhiteElo "2422"]
[BlackElo "2286"]
[PlyCount "122"]
[EventDate "2022.07.12"]
[EventType "swiss"]
[EventRounds "7"]
[EventCountry "GRE"]
[SourceTitle "Youth Database"]
[Source "CBase R.Goldau"]
[SourceDate "2000.03.01"]
[SourceVersion "1"]
[SourceVersionDate "2022.07.18"]
[SourceQuality "1"]
[WhiteTeam "Deutschland"]
[BlackTeam "Ukraine"]
[WhiteTeamCountry "GER"]
[BlackTeamCountry "UKR"]

1. d4 Nf6 2. Nf3 g6 3. Nbd2 c5 4. e3 Bg7 5. dxc5 Qa5 6. a3 Qxc5 7. b4 Qc7 8.
Bb2 d6 9. c4 O-O 10. Be2 b6 11. O-O Bb7 12. Rc1 Nbd7 13. Qb3 Rac8 14. Rfd1 Qb8
15. Nb1 Rc7 16. Nc3 a6 17. Ng5 Qa8 18. Bf1 h6 19. Nh3 g5 20. f4 gxf4 21. exf4
Rfc8 22. Re1 Qa7 23. Kh1 Nf8 24. Rcd1 Ng6 25. Na4 b5 26. cxb5 axb5 27. Nc3 Qa8
28. Re2 Bc6 29. Re3 Nh4 30. Rd2 Qb7 31. Re1 Ng4 32. Nd1 Bxb2 33. Qg3 Bd7 34.
Rxb2 Ng6 35. Nhf2 Nf6 36. Be2 Kh8 37. Bf3 Qa7 38. Ne4 Qxa3 39. Nxf6 exf6 40. f5
Bxf5 41. Qxd6 Kg7 42. Rbe2 Rd7 43. Qg3 Qxb4 44. Rb2 Qa4 45. Ne3 Be6 46. Bg4
Bxg4 47. Nxg4 Rd1 48. Rb1 Rxb1 49. Rxb1 f5 50. Ne3 f4 51. Qh3 Qe4 52. Qf5 Qc6
53. Nf1 Rb8 54. Qd3 Qc5 55. Nd2 Re8 56. Nf3 b4 57. h3 Kg8 58. Qd4 Qxd4 59. Nxd4
Rb8 60. Nc6 Rb6 61. Nxb4 Nh4 1/2-1/2

[Event "EU YCH Team U18 boys"]
[Site "Thessaloniki"]
[Date "2022.07.13"]
[Round "2.4"]
[White "Podolskyi, Mykhailo"]
[Black "Krastev, Alexander"]
[Result "1-0"]
[WhiteElo "2025"]
[BlackElo "2435"]
[PlyCount "82"]
[EventDate "2022.07.12"]
[EventType "swiss"]
[EventRounds "7"]
[EventCountry "GRE"]
[SourceTitle "Youth Database"]
[Source "CBase R.Goldau"]
[SourceDate "2000.03.01"]
[SourceVersion "1"]
[SourceVersionDate "2022.07.18"]
[SourceQuality "1"]
[WhiteTeam "Ukraine"]
[BlackTeam "Deutschland"]
[WhiteTeamCountry "UKR"]
[BlackTeamCountry "GER"]

1. e4 c5 2. Nf3 e6 3. g3 Nc6 4. Bg2 Qc7 5. O-O Nf6 6. Re1 Be7 7. c3 O-O 8. d4
cxd4 9. cxd4 d5 10. e5 Ne4 11. Nbd2 Nxd2 12. Bxd2 Qb6 13. Bc3 Bd7 14. h4 Rac8
15. Qd3 Na5 16. Ng5 g6 17. Nf3 Nc4 18. Rab1 Qa6 19. Nh2 Na3 20. Qxa6 bxa6 21.
bxa3 Rxc3 22. Rb7 Rd8 23. Rxa7 h5 24. Rb1 Bxa3 25. Rbb7 Be8 26. Nf3 Bc1 27.
Rxa6 Rdc8 28. Rab6 Ra3 29. Rb8 Ra8 30. Rxc8 Rxc8 31. Bf1 Kg7 32. Bb5 Bxb5 33.
Rxb5 Ra8 34. Rb1 Bh6 35. Rb2 Ra3 36. Ne1 Bc1 37. Rc2 Bh6 38. Kf1 Ra4 39. Nf3
Ra3 40. Ke2 Kg8 41. Nd2 Kh8 1-0

[Event "EU YCH Team U18 boys"]
[Site "Thessaloniki"]
[Date "2022.07.13"]
[Round "2.3"]
[White "Turk, Talha Gunes"]
[Black "Zlatkov, Anton"]
[Result "1-0"]
[WhiteElo "1597"]
[BlackElo "2149"]
[PlyCount "136"]
[EventDate "2022.07.12"]
[EventType "swiss"]
[EventRounds "7"]
[EventCountry "GRE"]
[SourceTitle "Youth Database"]
[Source "CBase R.Goldau"]
[SourceDate "2000.03.01"]
[SourceVersion "1"]
[SourceVersionDate "2022.07.18"]
[SourceQuality "1"]
[WhiteTeam "Türkei"]
[BlackTeam "Mazedonien"]
[WhiteTeamCountry "TUR"]
[BlackTeamCountry "MKD"]

1. e4 c5 2. Nf3 Nc6 3. c3 Nf6 4. Bd3 d6 5. h3 e6 6. O-O d5 7. Qe2 Be7 8. e5 Nd7
9. Bc2 b6 10. d4 a5 11. Re1 Ba6 12. Qe3 Qc7 13. Na3 h6 14. Ba4 cxd4 15. cxd4
Na7 16. Bxd7+ Kxd7 17. Qf4 f5 18. exf6 Qxf4 19. Bxf4 gxf6 20. Re3 Rac8 21. Nh4
Rhg8 22. Nf3 h5 23. Rd1 Bb4 24. Nb1 Rc2 25. a3 Bd6 26. Bxd6 Kxd6 27. Rde1 Re8
28. Nh4 e5 29. Nf5+ Kd7 30. Nc3 Rxb2 31. Nxd5 Re6 32. Nf4 Nb5 33. Nxe6 Kxe6 34.
dxe5 Kxf5 35. Rf3+ Kg6 36. exf6 Nd4 37. Rf4 Re2 38. Rd1 Ne6 39. f7 Kg7 40. Rd8
Nf8 41. Rf3 Bb7 42. Rf5 Be4 43. Re5 Kxf7 44. Rde8 Ra2 45. Rxe4 Rxa3 46. Rb8 Nd7
47. Rb7 Rd3 48. Re5 a4 49. Ra7 Kg6 50. Rb5 Rd1+ 51. Kh2 Rd4 52. Rb1 Kf5 53. Ra6
Ke4 54. Ra1 b5 55. Rb1 Nc5 56. Ra5 b4 57. Rxc5 b3 58. Ra5 Rb4 59. h4 Kd3 60.
Rxa4 Rxa4 61. Rxb3+ Kc2 62. Rb5 Rxh4+ 63. Kg3 Rh1 64. Rb4 Ra1 65. Kh4 Rh1+ 66.
Kg3 Ra1 67. f4 Kd3 68. f5 Ke3 1-0

[Event "EU YCH Team U18 boys"]
[Site "Thessaloniki"]
[Date "2022.07.13"]
[Round "2.2"]
[White "Olsson, William"]
[Black "Juhasz, Agoston"]
[Result "0-1"]
[WhiteElo "2284"]
[BlackElo "2344"]
[PlyCount "154"]
[EventDate "2022.07.12"]
[EventType "swiss"]
[EventRounds "7"]
[EventCountry "GRE"]
[SourceTitle "Youth Database"]
[Source "CBase R.Goldau"]
[SourceDate "2000.03.01"]
[SourceVersion "1"]
[SourceVersionDate "2022.07.18"]
[SourceQuality "1"]
[WhiteTeam "Schweden"]
[BlackTeam "Ungarn"]
[WhiteTeamCountry "SWE"]
[BlackTeamCountry "HUN"]

1. c4 e5 2. g3 Nf6 3. Bg2 c6 4. Nf3 e4 5. Nd4 Qb6 6. e3 d5 7. cxd5 cxd5 8. d3
Nc6 9. dxe4 Bb4+ 10. Nc3 Nxe4 11. Bd2 Nxd4 12. exd4 O-O 13. Nxe4 dxe4 14. Bc3
Be6 15. O-O Bd5 16. Qh5 f5 17. g4 g6 18. Qg5 Rae8 19. Rfe1 Be7 20. Qd2 Bd6 21.
Ba5 Qb5 22. a4 Qd7 23. Bb4 Bxb4 24. Qxb4 f4 25. Qb5 Bc6 26. Qc4+ Bd5 27. Qb5
Bc6 28. Qc4+ Kh8 29. h3 h5 30. Rad1 Bd5 31. Qb5 Qxb5 32. axb5 f3 33. Bf1 Kg7
34. gxh5 gxh5 35. Rc1 Kf6 36. Rc5 Rg8+ 37. Kh2 Ke6 38. Bc4 Bxc4 39. Rxe4+ Kd7
40. Rxe8 Kxe8 41. Rxc4 Rg2+ 42. Kh1 Rxf2 43. Kg1 Rxb2 44. Ra4 Rxb5 45. Rxa7 Rb2
46. Ra8+ Ke7 47. Rh8 b5 48. Rxh5 b4 49. Rf5 Rg2+ 50. Kh1 b3 51. Rxf3 b2 52.
Kxg2 b1=Q 53. Rf4 Ke6 54. d5+ Ke5 55. Rg4 Kf5 56. d6 Qc2+ 57. Kg1 Qd3 58. Kg2
Qe2+ 59. Kg1 Qf3 60. Kh2 Qf2+ 61. Kh1 Qd2 62. Kg1 Qxd6 63. Kg2 Qd1 64. Kh2 Qf1
65. Kg3 Qg1+ 66. Kf3 Qh2 67. Rg3 Ke5 68. h4 Qxh4 69. Kg2 Kf4 70. Rf3+ Kg4 71.
Re3 Qh5 72. Kf2 Qc5 73. Ke2 Qc2+ 74. Ke1 Kf4 75. Rh3 Qg2 76. Rc3 Ke4 77. Kd1
Kd4 0-1

[Event "EU YCH Team U18 boys"]
[Site "Thessaloniki"]
[Date "2022.07.13"]
[Round "2.4"]
[White "Soderstrom, Adrian"]
[Black "Pasztor, Balazs"]
[Result "1-0"]
[WhiteElo "2292"]
[BlackElo "2336"]
[PlyCount "133"]
[EventDate "2022.07.12"]
[EventType "swiss"]
[EventRounds "7"]
[EventCountry "GRE"]
[SourceTitle "Youth Database"]
[Source "CBase R.Goldau"]
[SourceDate "2000.03.01"]
[SourceVersion "1"]
[SourceVersionDate "2022.07.18"]
[SourceQuality "1"]
[WhiteTeam "Schweden"]
[BlackTeam "Ungarn"]
[WhiteTeamCountry "SWE"]
[BlackTeamCountry "HUN"]

1. d4 d5 2. c4 e6 3. Nc3 c6 4. e4 dxe4 5. Nxe4 Bb4+ 6. Bd2 Qxd4 7. Bxb4 Qxe4+
8. Be2 Na6 9. Ba5 b6 10. Qd6 Bd7 11. Bc3 f6 12. Nf3 Nh6 13. Rd1 Rd8 14. Qa3 Bc8
15. Rxd8+ Kxd8 16. Qd6+ Bd7 17. Nd2 Qf5 18. Qa3 Bc8 19. Qd6+ Bd7 20. Qa3 Bc8
21. O-O c5 22. Bf3 Ke7 23. Ne4 Ng4 24. b4 Ne5 25. Bxe5 Qxe5 26. b5 Nb8 27.
Qxa7+ Nd7 28. Rd1 Qb8 29. Qxb8 Nxb8 30. a4 Rd8 31. Rxd8 Kxd8 32. a5 bxa5 33.
Nxc5 Kc7 34. Na4 e5 35. c5 Bf5 36. Nc3 e4 37. Bd1 Be6 38. Nxe4 Bd5 39. Nc3 Bc4
40. Ba4 Nd7 41. b6+ Nxb6 42. cxb6+ Kxb6 43. Bc2 Kc5 44. f4 Kb4 45. Nb1 a4 46.
Kf2 a3 47. Nxa3 Kxa3 48. Ke3 Kb4 49. Kd4 h6 50. h4 g5 51. fxg5 fxg5 52. h5 Be2
53. Bg6 Bd1 54. Be8 Be2 55. Bf7 Bd1 56. Ke5 Kc5 57. Kf6 Kd6 58. Bg6 Be2 59. Kg7
Ke7 60. Kxh6 Kf8 61. Kxg5 Kg7 62. Be4 Bf1 63. g3 Be2 64. Bf5 Bd1 65. Bg4 Ba4
66. Be2 Bc6 67. h6+ 1-0

[Event "EU YCH Team U18 boys"]
[Site "Thessaloniki"]
[Date "2022.07.14"]
[Round "3.2"]
[White "Gregoric, Andraz"]
[Black "Koellner, Ruben Gideon"]
[Result "1-0"]
[WhiteElo "2199"]
[BlackElo "2422"]
[PlyCount "103"]
[EventDate "2022.07.12"]
[EventType "swiss"]
[EventRounds "7"]
[EventCountry "GRE"]
[SourceTitle "Youth Database"]
[Source "CBase R.Goldau"]
[SourceDate "2000.03.01"]
[SourceVersion "1"]
[SourceVersionDate "2022.07.18"]
[SourceQuality "1"]
[WhiteTeam "Slowenien"]
[BlackTeam "Deutschland"]
[WhiteTeamCountry "SLO"]
[BlackTeamCountry "GER"]

1. e4 e5 2. Nf3 Nc6 3. Bb5 g6 4. c3 Bg7 5. O-O Nge7 6. d4 exd4 7. cxd4 a6 8.
Ba4 b5 9. Bb3 O-O 10. h3 d6 11. Nc3 Na5 12. Bc2 c5 13. dxc5 dxc5 14. Qxd8 Rxd8
15. Be3 Nb7 16. Rfd1 Be6 17. e5 Rxd1+ 18. Rxd1 Rc8 19. Ng5 Rc7 20. Nxe6 fxe6
21. f4 b4 22. Ne4 Nd5 23. Bc1 Bh6 24. g3 c4 25. Kf2 Nc5 26. Be3 Bf8 27. Kf3 a5
28. Bxc5 Bxc5 29. Ng5 Rc8 30. Nxe6 Ne3 31. Rc1 Bb6 32. Ba4 h6 33. Bd7 Rb8 34.
Nc7 Bd4 35. b3 c3 36. Be6+ Kf8 37. Nd5 Nxd5 38. Bxd5 Rd8 39. Be4 g5 40. Rd1 Ke7
41. Bc2 h5 42. Ke4 Bf2 43. Rxd8 Kxd8 44. Kf3 Bd4 45. Ke4 Bf2 46. f5 Ke7 47. g4
hxg4 48. hxg4 Bg3 49. Bd3 Bf4 50. f6+ Ke6 51. Bc4+ Kd7 52. e6+ 1-0

[Event "EU YCH Team U18 boys"]
[Site "Thessaloniki"]
[Date "2022.07.15"]
[Round "4.1"]
[White "Fromm, Marius"]
[Black "Stepanencu, Nicodim-Cosmin"]
[Result "1-0"]
[WhiteElo "2391"]
[BlackElo "2277"]
[PlyCount "79"]
[EventDate "2022.07.12"]
[EventType "swiss"]
[EventRounds "7"]
[EventCountry "GRE"]
[SourceTitle "Youth Database"]
[Source "CBase R.Goldau"]
[SourceDate "2000.03.01"]
[SourceVersion "1"]
[SourceVersionDate "2022.07.18"]
[SourceQuality "1"]
[WhiteTeam "Deutschland"]
[BlackTeam "Rumänien"]
[WhiteTeamCountry "GER"]
[BlackTeamCountry "ROU"]

1. e4 c5 2. Nf3 d6 3. d4 cxd4 4. Nxd4 Nf6 5. Nc3 a6 6. Be2 e5 7. Nb3 Be7 8. O-O
O-O 9. Kh1 Be6 10. f4 Bd7 11. f5 Bc6 12. Bf3 Nbd7 13. g4 a5 14. g5 Ne8 15. h4
f6 16. g6 hxg6 17. Be2 Nb6 18. Be3 d5 19. fxg6 f5 20. Bxb6 Qxb6 21. exd5 Qb4
22. Rf2 Rd8 23. Qf1 Rxd5 24. Bc4 Nc7 25. Rd1 b5 26. Bxd5+ Nxd5 27. Nxd5 Rd8 28.
Qg2 Qxh4+ 29. Kg1 Rxd5 30. Rxd5 a4 31. Rd8+ Bxd8 32. Qxc6 Qg4+ 33. Qg2 Bb6 34.
Qxg4 fxg4 35. Kg2 Bxf2 36. Kxf2 axb3 37. cxb3 Kf8 38. Kg3 Ke7 39. Kxg4 Kd6 40.
Kf3 1-0

[Event "EU YCH Team U18 boys"]
[Site "Thessaloniki"]
[Date "2022.07.16"]
[Round "5.4"]
[White "Boci, Petro"]
[Black "Vagman, Roy"]
[Result "0-1"]
[WhiteElo "1709"]
[BlackElo "2180"]
[PlyCount "118"]
[EventDate "2022.07.12"]
[EventType "swiss"]
[EventRounds "7"]
[EventCountry "GRE"]
[SourceTitle "Youth Database"]
[Source "CBase R.Goldau"]
[SourceDate "2000.03.01"]
[SourceVersion "1"]
[SourceVersionDate "2022.07.18"]
[SourceQuality "1"]
[WhiteTeam "Albanien"]
[BlackTeam "Israel"]
[WhiteTeamCountry "ALB"]
[BlackTeamCountry "ISR"]

1. e4 c5 2. Nf3 Nc6 3. d4 cxd4 4. Nxd4 e5 5. Nb5 d6 6. N1c3 a6 7. Na3 Be6 8.
Nc4 Rb8 9. a4 b5 10. axb5 axb5 11. Ne3 b4 12. Ncd5 Be7 13. Bc4 Nf6 14. Nxf6+
Bxf6 15. Nd5 O-O 16. O-O Bg5 17. Ra6 Bxc1 18. Qxc1 Nd4 19. c3 bxc3 20. bxc3 Nb3
21. Bxb3 Rxb3 22. Qd1 Rb7 23. Rxd6 Qb8 24. Nb4 Qa8 25. Qd3 Rc7 26. Rd1 h6 27.
Ra6 Qc8 28. Ra3 Rd7 29. Nd5 Qc5 30. c4 Kh7 31. Ra6 Rfd8 32. Rda1 Rd6 33. R6a5
Qc8 34. c5 Rc6 35. Qe3 Qb7 36. h4 Rcc8 37. Nc3 Qb3 38. Qg3 Rd4 39. R5a3 Qb4 40.
Qxe5 Rxc5 41. Qg3 Rdc4 42. Ne2 Rxe4 43. Ra4 Qxa4 44. Rxa4 Rxa4 45. Nf4 Bf5 46.
Qf3 Rc1+ 47. Kh2 Rcc4 48. g3 Ra1 49. Ng2 Be4 50. Qf4 Rh1+ 51. Kxh1 Bxg2+ 52.
Kxg2 Rxf4 53. gxf4 Kg6 54. Kg3 h5 55. Kg2 Kf5 56. Kf3 g6 57. Ke3 Kg4 58. Ke4
Kxh4 59. f5 Kg4 0-1

[Event "EU YCH Team U18 boys"]
[Site "Thessaloniki"]
[Date "2022.07.16"]
[Round "5.3"]
[White "Klimkowski, Jan"]
[Black "Milikow, Elie"]
[Result "1-0"]
[WhiteElo "2398"]
[BlackElo "2433"]
[PlyCount "131"]
[EventDate "2022.07.12"]
[EventType "swiss"]
[EventRounds "7"]
[EventCountry "GRE"]
[SourceTitle "Youth Database"]
[Source "CBase R.Goldau"]
[SourceDate "2000.03.01"]
[SourceVersion "1"]
[SourceVersionDate "2022.07.18"]
[SourceQuality "1"]
[WhiteTeam "Polen"]
[BlackTeam "Israel"]
[WhiteTeamCountry "POL"]
[BlackTeamCountry "ISR"]

1. e4 c5 2. Nf3 e6 3. d4 cxd4 4. Nxd4 a6 5. Bd3 Bc5 6. Nb3 Ba7 7. Qe2 Nc6 8.
Be3 d6 9. O-O Nf6 10. c4 O-O 11. Nc3 e5 12. Nd5 Nxd5 13. exd5 Ne7 14. Bxa7 Rxa7
15. f4 exf4 16. Rxf4 Ng6 17. Bxg6 hxg6 18. Nd4 Ra8 19. Raf1 Bd7 20. Qf2 f5 21.
Qg3 g5 22. Nxf5 Qb6+ 23. Qf2 Qxf2+ 24. R4xf2 Rxf5 25. Rxf5 Bxf5 26. Rxf5 Rc8
27. b3 b5 28. cxb5 axb5 29. Rxg5 Rc1+ 30. Kf2 Rc2+ 31. Ke3 Rxa2 32. Kd3 Kf7 33.
Kc3 Kf6 34. h4 Ra7 35. Kb4 Rb7 36. g3 g6 37. Rg4 Kf5 38. Rg5+ Kf6 39. Ka5 b4
40. Rg4 Ke5 41. Rxb4 Rf7 42. Rg4 Kxd5 43. Rxg6 Ke5 44. b4 d5 45. b5 d4 46. Rg8
Rd7 47. Re8+ Kf5 48. b6 d3 49. Re1 d2 50. Rd1 Ke4 51. Ka6 Rd3 52. b7 Ra3+ 53.
Kb6 Rb3+ 54. Kc7 Rc3+ 55. Kd6 Rb3 56. Rxd2 Rxb7 57. g4 Rh7 58. Ke6 Rh6+ 59. Kf7
Rxh4 60. g5 Kf5 61. g6 Ra4 62. Rf2+ Kg5 63. Rg2+ Kf5 64. g7 Ra7+ 65. Kf8 Kf6
66. Rf2+ 1-0

[Event "EU YCH Team U18 boys"]
[Site "Thessaloniki"]
[Date "2022.07.17"]
[Round "6.1"]
[White "Magalakis, Stefanos"]
[Black "Stoimenidis, Dimitrios"]
[Result "1/2-1/2"]
[WhiteElo "2181"]
[BlackElo "1993"]
[PlyCount "58"]
[EventDate "2022.07.12"]
[EventType "swiss"]
[EventRounds "7"]
[EventCountry "GRE"]
[SourceTitle "Youth Database"]
[Source "CBase R.Goldau"]
[SourceDate "2000.03.01"]
[SourceVersion "1"]
[SourceVersionDate "2022.07.18"]
[SourceQuality "1"]
[WhiteTeam "Griechenland"]
[BlackTeam "Griechenland"]
[WhiteTeamCountry "GRE"]
[BlackTeamCountry "GRE"]

1. d4 Nf6 2. Nf3 e6 3. Bg5 c5 4. e3 Be7 5. Nbd2 cxd4 6. exd4 b6 7. Bd3 Bb7 8.
c3 d6 9. Bxf6 Bxf6 10. Qe2 Nd7 11. h4 Be7 12. O-O-O Qc7 13. Ng5 Nf6 14. Rhe1 h6
15. Bb5+ Kf8 16. Ngf3 a6 17. Bd3 b5 18. Kb1 Nd5 19. g3 Nb6 20. Rc1 g6 21. h5 g5
22. Nh2 Bd5 23. Ng4 Nc4 24. Ne3 Nxd2+ 25. Qxd2 Bf3 26. Be2 Be4+ 27. Bd3 Bf3 28.
Be2 Be4+ 29. Bd3 Bf3 1/2-1/2

[Event "EU YCH Team U18 boys"]
[Site "Thessaloniki"]
[Date "2022.07.17"]
[Round "6.3"]
[White "Skrbec, Leon"]
[Black "Karkanas, Stylianos"]
[Result "1-0"]
[WhiteElo "2103"]
[BlackElo "1089"]
[PlyCount "65"]
[EventDate "2022.07.12"]
[EventType "swiss"]
[EventRounds "7"]
[EventCountry "GRE"]
[SourceTitle "Youth Database"]
[Source "CBase R.Goldau"]
[SourceDate "2000.03.01"]
[SourceVersion "1"]
[SourceVersionDate "2022.07.18"]
[SourceQuality "1"]
[WhiteTeam "Slowenien"]
[BlackTeam "Griechenland"]
[WhiteTeamCountry "SLO"]
[BlackTeamCountry "GRE"]

1. d4 Nf6 2. c4 g6 3. Nc3 Bg7 4. g3 O-O 5. Bg2 d6 6. Nf3 Nbd7 7. O-O e5 8. e4
Re8 9. Re1 a5 10. h3 exd4 11. Nxd4 Ne5 12. b3 Nfd7 13. f4 Nc6 14. Nxc6 bxc6 15.
Bb2 Nc5 16. Qc2 Bd7 17. Rad1 Qc8 18. Kh2 a4 19. b4 Ne6 20. e5 a3 21. Bc1 Bf8
22. Ne4 Be7 23. exd6 cxd6 24. Nxd6 Bxd6 25. Rxd6 Nf8 26. Rxe8 Qxe8 27. Qc3 Qe2
28. Rd2 Qe1 29. b5 Rc8 30. Bxa3 cxb5 31. Bb2 f6 32. Qxf6 Qxd2 33. Qg7# 1-0

[Event "EU YCH Team U18 boys"]
[Site "Thessaloniki"]
[Date "2022.07.17"]
[Round "6.3"]
[White "Hulka, Valentyn"]
[Black "Jordanov, Mihail"]
[Result "1/2-1/2"]
[WhiteElo "2123"]
[BlackElo "2158"]
[PlyCount "82"]
[EventDate "2022.07.12"]
[EventType "swiss"]
[EventRounds "7"]
[EventCountry "GRE"]
[SourceTitle "Youth Database"]
[Source "CBase R.Goldau"]
[SourceDate "2000.03.01"]
[SourceVersion "1"]
[SourceVersionDate "2022.07.18"]
[SourceQuality "1"]
[WhiteTeam "Ukraine"]
[BlackTeam "Mazedonien"]
[WhiteTeamCountry "UKR"]
[BlackTeamCountry "MKD"]

1. d4 d5 2. g3 c6 3. Nf3 Nf6 4. c4 Bf5 5. Nc3 e6 6. Nh4 dxc4 7. Nxf5 exf5 8. e3
Nbd7 9. Bxc4 Nb6 10. Bb3 Qd7 11. Qf3 Bd6 12. Bd2 h5 13. h4 O-O 14. O-O Rfe8 15.
Rfe1 Bf8 16. Rad1 Nbd5 17. Nxd5 cxd5 18. Rc1 Rac8 19. Rxc8 Rxc8 20. Rc1 Rxc1+
21. Bxc1 Qc6 22. Qd1 Ne4 23. Kg2 Bd6 24. Bd2 g6 25. Be1 Kg7 26. Qc2 Qxc2 27.
Bxc2 Kf8 28. f3 Nf6 29. Kf2 Ke7 30. Ke2 Kd7 31. Ba4+ Kc7 32. Bb3 Kc6 33. Ba4+
b5 34. Bb3 a6 35. Kf2 Kb6 36. Ke2 Kc6 37. Kf2 Bc7 38. Ke2 a5 39. a4 b4 40. Bc2
Bb6 41. Bd3 Kd6 1/2-1/2

[Event "EU YCH Team U18 boys"]
[Site "Thessaloniki"]
[Date "2022.07.17"]
[Round "6.4"]
[White "Zlatkov, Anton"]
[Black "Podolskyi, Mykhailo"]
[Result "0-1"]
[WhiteElo "2149"]
[BlackElo "2025"]
[PlyCount "113"]
[EventDate "2022.07.12"]
[EventType "swiss"]
[EventRounds "7"]
[EventCountry "GRE"]
[SourceTitle "Youth Database"]
[Source "CBase R.Goldau"]
[SourceDate "2000.03.01"]
[SourceVersion "1"]
[SourceVersionDate "2022.07.18"]
[SourceQuality "1"]
[WhiteTeam "Mazedonien"]
[BlackTeam "Ukraine"]
[WhiteTeamCountry "MKD"]
[BlackTeamCountry "UKR"]

1. e4 c5 2. Nf3 e6 3. d3 Nc6 4. g3 d6 5. Bg2 Nf6 6. O-O Be7 7. Re1 O-O 8. d4 d5
9. exd5 Nxd5 10. dxc5 Bxc5 11. Qe2 Nf6 12. Nc3 Qe7 13. Bg5 Bb4 14. Qe3 h6 15.
Bf4 Bd7 16. Rad1 Rac8 17. a3 Bc5 18. Qe2 Rfd8 19. Ne4 Nxe4 20. Qxe4 Be8 21. b4
Bd6 22. Bc1 a5 23. b5 Nb8 24. a4 b6 25. Bf1 Nd7 26. Bd3 Nf6 27. Qh4 Bb4 28. Rf1
Rd5 29. g4 Nd7 30. Qxe7 Bxe7 31. c4 Rxd3 32. Rxd3 Nc5 33. Rd4 Nb3 34. Re4 Nc5
35. Rd4 Bf6 36. Rd6 Nxa4 37. g5 hxg5 38. Bxg5 Rxc4 39. Bxf6 gxf6 40. Rd8 Kf8
41. Rfd1 Ke7 42. R8d4 Bxb5 43. Rxc4 Bxc4 44. Nd4 f5 45. f4 Kf6 46. Rc1 Bd5 47.
Rc7 Nc5 48. Kf2 a4 49. Nf3 Bxf3 50. Kxf3 Nb3 51. Ke3 a3 52. Rc2 b5 53. Rg2 b4
54. h4 Nc1 55. Rg1 a2 56. Rxc1 b3 57. Kd4 0-1

[Event "EU YCH Team U18 boys"]
[Site "Thessaloniki"]
[Date "2022.07.17"]
[Round "6.3"]
[White "Palczert, Matyas"]
[Black "Nareks, Matic"]
[Result "1-0"]
[WhiteElo "2321"]
[BlackElo "2221"]
[PlyCount "101"]
[EventDate "2022.07.12"]
[EventType "swiss"]
[EventRounds "7"]
[EventCountry "GRE"]
[SourceTitle "Youth Database"]
[Source "CBase R.Goldau"]
[SourceDate "2000.03.01"]
[SourceVersion "1"]
[SourceVersionDate "2022.07.18"]
[SourceQuality "1"]
[WhiteTeam "Ungarn"]
[BlackTeam "Slowenien"]
[WhiteTeamCountry "HUN"]
[BlackTeamCountry "SLO"]

1. e4 g6 2. d4 Bg7 3. Nf3 d6 4. Be2 Nf6 5. Nc3 O-O 6. O-O a6 7. a4 Nc6 8. d5
Nb4 9. a5 e6 10. h3 exd5 11. exd5 c6 12. dxc6 bxc6 13. Bf4 Nfd5 14. Nxd5 Nxd5
15. Bg5 Qc7 16. c4 Nb4 17. Bf4 Rd8 18. c5 Bf8 19. Qd2 Rb8 20. Bc4 Nd5 21. Bxd5
cxd5 22. Rac1 Bd7 23. cxd6 Qb7 24. Rc7 Qb5 25. Ne5 Qa4 26. Nxd7 Rxd7 27. Rxd7
Qxd7 28. Qxd5 Rb4 29. Bg3 h5 30. Rc1 Rb5 31. Rc5 Rxb2 32. Rc7 Rb5 33. Qe4 Qf5
34. Qxf5 Rxf5 35. Ra7 Rxa5 36. d7 Be7 37. Ra8+ Kg7 38. d8=Q Bxd8 39. Rxd8 Kf6
40. h4 Ra2 41. Rd6+ Kf5 42. Rd5+ Ke6 43. Re5+ Kf6 44. Rc5 Ra1+ 45. Kh2 Ra4 46.
Be5+ Ke6 47. g3 Re4 48. Bf4 Ra4 49. Rc6+ Kd7 50. Rc7+ Ke6 51. Bg5 1-0

[Event "EU YCH Team U18 boys"]
[Site "Thessaloniki"]
[Date "2022.07.18"]
[Round "7.1"]
[White "Budisavljevic, Luka"]
[Black "Zeneli, Klendi"]
[Result "1-0"]
[WhiteElo "2511"]
[BlackElo "1921"]
[PlyCount "71"]
[EventDate "2022.07.12"]
[EventType "swiss"]
[EventRounds "7"]
[EventCountry "GRE"]
[SourceTitle "Youth Database"]
[Source "CBase R.Goldau"]
[SourceDate "2000.03.01"]
[SourceVersion "1"]
[SourceVersionDate "2022.07.18"]
[SourceQuality "1"]
[WhiteTeam "Serbien"]
[BlackTeam "Albanien"]
[WhiteTeamCountry "SRB"]
[BlackTeamCountry "ALB"]

1. Nf3 Nf6 2. d4 d5 3. c4 e6 4. e3 c6 5. Bd3 Nbd7 6. O-O Be7 7. b3 b6 8. Bb2
Bb7 9. Nbd2 O-O 10. Qe2 c5 11. Rfd1 Rc8 12. Ne5 Bd6 13. Ndf3 Qe7 14. Nxd7 Nxd7
15. cxd5 Bxd5 16. Ba6 Rcd8 17. e4 Ba8 18. e5 Bb8 19. Ba3 f6 20. Bc4 fxe5 21.
Nxe5 Nxe5 22. dxe5 Bd5 23. Bb2 Rf5 24. Rd3 Rdf8 25. Rf1 Rd8 26. f4 Rff8 27. Rh3
Qf7 28. Bd3 g6 29. Rg3 Qe8 30. h4 Rf7 31. h5 Rg7 32. Qg4 Rdd7 33. hxg6 hxg6 34.
Bxg6 Qd8 35. Qh5 Be4 36. f5 1-0

[Event "EU YCH Team U18 boys"]
[Site "Thessaloniki"]
[Date "2022.07.18"]
[Round "7.2"]
[White "Xhembulla, Aleksander"]
[Black "Tadic, Stefan"]
[Result "0-1"]
[WhiteElo "1909"]
[BlackElo "2356"]
[PlyCount "56"]
[EventDate "2022.07.12"]
[EventType "swiss"]
[EventRounds "7"]
[EventCountry "GRE"]
[SourceTitle "Youth Database"]
[Source "CBase R.Goldau"]
[SourceDate "2000.03.01"]
[SourceVersion "1"]
[SourceVersionDate "2022.07.18"]
[SourceQuality "1"]
[WhiteTeam "Albanien"]
[BlackTeam "Serbien"]
[WhiteTeamCountry "ALB"]
[BlackTeamCountry "SRB"]

1. e4 c5 2. Nf3 Nc6 3. Bb5 g6 4. O-O Bg7 5. c3 Nf6 6. Re1 O-O 7. d4 cxd4 8.
cxd4 d5 9. e5 Ne8 10. Nc3 Nc7 11. Bxc6 bxc6 12. h3 Ne6 13. b3 f6 14. exf6 exf6
15. Na4 f5 16. Ne5 f4 17. Nxc6 Qh4 18. Qg4 Qxg4 19. hxg4 Nxd4 20. Ne7+ Kh8 21.
Rb1 Bxg4 22. Bb2 Ne2+ 23. Kh2 f3 24. Bxg7+ Kxg7 25. Nc5 Rae8 26. gxf3 Rxe7 27.
fxg4 Rxf2+ 28. Kh1 Re3 0-1